Les joueurs de l'équipe type du Real depuis 2010 - Statistiques

Statistiques générales
  • Ce quiz a été pris 244 fois
  • Le résultat moyen est 36 sur 43
Statistiques - réponses
Poste
Pays
Joueur
% Correct
Gardien Thibaut Courtois
100%
Attaquant Kylian Mbappé
98%
Attaquant Vinicius Júnior
98%
Milieu Aurélien Tchouaméni
97%
Attaquant Cristiano Ronaldo
97%
Milieu Luka Modrić
97%
Défenseur Sergio Ramos
97%
Défenseur Antonio Rüdiger
96%
Défenseur Dani Carvajal
96%
Milieu Federico Valverde
96%
Attaquant Gareth Bale
96%
Milieu Jude Bellingham
96%
Attaquant Karim Benzema
96%
Gardien Keylor Navas
96%
Défenseur Marcelo
96%
Défenseur Raphaël Varane
96%
Milieu Toni Kroos
96%
Milieu Eduardo Camavinga
94%
Défenseur Ferland Mendy
94%
Gardien Iker Casillas
94%
Attaquant Rodrygo
94%
Milieu Casemiro
93%
Défenseur Pepe
93%
Défenseur David Alaba
92%
Gardien Andriy Lunin
89%
Défenseur Éder Militão
88%
Milieu Ángel Di María
87%
Milieu James Rodríguez
87%
Attaquant Isco
80%
Milieu Mesut Özil
75%
Défenseur Raúl Asencio
74%
Milieu Xabi Alonso
74%
Attaquant Marco Asensio
73%
Défenseur Fran Garcia
69%
Défenseur Nacho
68%
Milieu Sami Khedira
68%
Défenseur Lucas Vázquez
67%
Défenseur Fábio Coentrão
62%
Défenseur Danilo
54%
Milieu Kaká
51%
Défenseur Ricardo Carvalho
49%
Défenseur Álvaro Arbeloa
46%
Gardien Diego López
40%
Aucun quiz correspondant
Distribution des résultats
% des personnes avec chaque résultat
Percentile par nombre de réponses
Votre historique - résultats
Vous n’avez pas pris ce quiz